000 00566nam a22002177a 4500
003 UA-OsUOA
001 37053
007 ta
008 20060222b un ||||| |||| 00| 0 ukr d
100 _aЯхно О.
090 _a34
_bЯ11
942 _cSA
040 _aUA-OsUOA
_bukr
_cUA-OsUOA
_dUA-OsUOA
245 _aВиховання Феміди. Розроблено концепцію судової реформи
300 _aС.1
955 _a0
041 _aukr
080 _a34
773 0 _w37052
650 7 _a34 Право. Юриспруденція
_2UDC
999 _c323279
_d323279